01918nam a22003857a 4500003000400000005001700004008004100021040002200062082001400084100003800098245004500136260005600181300001800237366000800255490002300263505005400286505022200340505009100562505004900653505012900702505005100831505018800882505001601070505002701086505001201113650004101125650005001166650004301216650004801259650004301307650004401350650004801394650004701442650004301489OSt20230413143147.0221006b |||||||| |||| 00| 0 eng d cBiblioteca Lado V a700bK41a aRuiz, Margaritaeeditoredirector aArte Cubano/bRevista de Artes Visuales/ bConsejo Nacional de las Artes Plasticasc2000aCuba c21x28cma98p. espa v2000a2x1024 8439 tArte Cubano a vuelo de pájaro, entre dos siglos tRuta CriticaaPedro Abascal, un artista de la alusión Ultimas confidencias de Andy Barro Una poética al borde... In paisaje de percepción activa Julio Neira: Alma de anfora Las antinomias de Ernesto benitez tHablando por si mismoaSer otro para poder ser Las flechas de los persas minuciosas  tPatrimonioaLa impronta barroca en el templo tDossier-MatanzasaDe miel y humo en el tapiz desgarra Un puente que no va a ser cruzado La desfiguración de lo visible  tLa Revista en la RevistaaLa historia oficial  tLibros aDiccionario biográfico de las artes plásticas: el error del milenio El libro-catalogo de Juan Moreira La fabula y el fabulador Legión de honor para Agustin Cardenas  tHistorietas tNoticias de Artecubano tSummary 2Tesauro de Arte & ArquitecturaaARTE 2Tesauro de Arte & ArquitecturaaEXPOSICIONES  2Tesauro de Arte & ArquitecturaaBIENAL 2Tesauro de Arte & ArquitecturaaAPRECIACION 2Tesauro de Arte & ArquitecturaaTEORIA 2Tesauro de Arte & ArquitecturaaCRITICA 2Tesauro de Arte & ArquitecturaaFOTOGRAFIA  2Tesauro de Arte & ArquitecturaaLITERATURA 2Tesauro de Arte & ArquitecturaaCUBANO